|
|
|
|
| LEADER |
00602cam a2200181 7i4500 |
| 001 |
0000008698 |
| 005 |
20220119090000.0 |
| 020 |
0 |
0 |
|a 9624214727
|
| 090 |
0 |
0 |
|a USA 910.2029747
|b INS
|
| 245 |
0 |
0 |
|a Insight guide :
|b New York state.
|
| 250 |
0 |
0 |
|a 2nd ed..
|
| 260 |
0 |
0 |
|a Singapore:
|b APA Publications,
|c 1999.
|
| 300 |
# |
# |
|a 333 p.
|
| 650 |
0 |
0 |
|a United States of America --
|x Voyages and travels --
|x Guidebooks
|
| 650 |
0 |
0 |
|a New York States --
|x Voyages and travels --
|x Guidebooks
|
| 651 |
0 |
0 |
|a United States of America
|
| 651 |
0 |
0 |
|a New York States
|
| 999 |
|
|
|a B000010984
|b Book
|c Countries
|e Business Information Centre
|